LDR 00976nam a2200265 4500 001 000000359952 003 CaOOAMICUS 005 20240925145545.0 008 240925s2011 it 000 u ita r 020 $a978-88-17-04716-6 040 $aSeMil$bita 100 1 $aMarchesini, Anna.$0(OLS)http://semarc/name/120501 245 13$aIl terrazzino dei gerani timidi /$cAnna Marchesini. 250 $a6. ed. 264 1$aMilano :$bRizzoli,$c2011. 300 $a231 p. ;$c22 cm 490 1 $aRizzoli. La scala 830 0$aRizzoli. La scala.$0(OLS)http://semarc/title/450378 850 $aSeMil 852 $aSeMil$W1$xVenegono$y1$m1B V 268$j251064$B250998$CSeMilBibl$Z2$F250998 $81 961 $aAndreini don Luca - Omaggio 996 $6020$a978-88-17-04716-6$9(OLS)http://semarc/number/301305 996 $6245$aIl terrazzino dei gerani timidi$9(OLS)http://semarc/title/450377 996 $6264$aMilano :$bRizzoli$9(OLS)http://semarc/publisher/29824